Recovery may be postponed until 2011 as spectre of oversupply haunts Asia Pacific office markets (Record no. 81894)

MARC details
000 -LEADER
fixed length control field 00860cab a22001935a 4500
001 - CONTROL NUMBER
control field L148586
008 - FIXED-LENGTH DATA ELEMENTS--GENERAL INFORMATION
fixed length control field 091006e2009 xxkd f 000 0 eng d
035 ## - SYSTEM CONTROL NUMBER
System control number (Sirsi) u148586
041 0# - LANGUAGE CODE
Language code of text/sound track or separate title eng
110 2# - MAIN ENTRY--CORPORATE NAME
Corporate name or jurisdiction name as entry element Asia Property
9 (RLIN) 5589
245 00 - TITLE STATEMENT
Title Recovery may be postponed until 2011 as spectre of oversupply haunts Asia Pacific office markets
260 ## - PUBLICATION, DISTRIBUTION, ETC.
Date of publication, distribution, etc. 2009
490 #0 - SERIES STATEMENT
Series statement Asia Property
Volume/sequential designation September 2009, 8-9(2)
520 ## - SUMMARY, ETC.
Summary, etc. The short-term prospects for Asia Pacific?s office markets are blighted by oversupply and weak demand. Even the strongest markets such as Seoul will be hit by oversupply in 2010.The cycle of decline is however predicted to be a short one with a return to rental growth in 2011. Charts. Tables. Graph.
590 ## - LOCAL NOTE (RLIN)
Local note KA
651 #4 - SUBJECT ADDED ENTRY--GEOGRAPHIC NAME
Geographic name Asia Pacific
690 ## - LOCAL SUBJECT ADDED ENTRY--TOPICAL TERM (OCLC, RLIN)
Topical term or geographic name as entry element PROPERTY-COMMERCIAL PROPERTY-COMMERCIAL PROPERTY MARKET
942 ## - ADDED ENTRY ELEMENTS (KOHA)
Suppress in OPAC 0
Holdings
Withdrawn status Lost status Source of classification or shelving scheme Damaged status Not for loan Home library Current library Shelving location Date acquired Total Checkouts Full call number Barcode Date last seen Copy number Price effective from Koha item type
    Dewey Decimal Classification     London London Journal article 06/10/2009   L148586 148586-1001 06/08/2019 1 06/08/2019 Journal article